00232nam a2200097Ia 4500008004100000020001700041245002700058260001200085260001000097300002700107191206s9999 xx 000 0 und d a0847809560 : 4aThe village in history aRizzoli cc1988 a197 p. : ill. ; 27 cm.